00302nam a2200121 4500082001400000100002200014245004700036260002900083300001000112650002300122650002300145650001200168 a625.8 PRO aProperties of ... aPropertiess of Flexible Pavement Materials aphiladelphiabASTMc1983 a180 p aflexible materials apavement materials astp 807